Click the Biggest European Country - Sudden Death - Statistics

General Stats
  • This quiz has been taken 85 times
  • The average score is 31 of 45
Answers on the Map
Answers color-coded by a green-red scale on the quiz's map according to % correct below.
 
Answer Stats
Answer % Correct
Russia
100%
France
96%
Ukraine
96%
Spain
94%
Germany
88%
Sweden
88%
Finland
87%
Italy
87%
Norway
87%
Poland
87%
United Kingdom
87%
Romania
83%
Belarus
81%
Bulgaria
77%
Greece
77%
Iceland
77%
Hungary
69%
Portugal
69%
Austria
67%
Czech Republic
67%
Ireland
63%
Serbia
63%
Latvia
62%
Lithuania
62%
Bosnia and Herzegovina
60%
Croatia
60%
Denmark
60%
Estonia
60%
Netherlands
60%
Slovakia
60%
Belgium
58%
Moldova
58%
Switzerland
58%
Albania
56%
North Macedonia
56%
Andorra
54%
Kosovo
54%
Luxembourg
54%
Malta
54%
Montenegro
54%
Slovenia
54%
Liechtenstein
52%
Monaco
52%
San Marino
52%
Vatican City
52%
No matching quizzes found
Score Distribution
Percent of People with Each Score
Percentile by Number Answered
Your Score History
You have not taken this quiz